Ultimate penalties : capital punishment, life imprisonment, physical torture /

Bibliographic Details
Main Author: Sheleff, Leon Shaskolsky
Format: Book
Language:English
Published: Columbus : Ohio State University Press, [1987]
Subjects:

MARC

Tag First Indicator Second Indicator Subfields
LEADER 00000cam a2200000 a 4500
001 in00000008626
005 20151003080009.0
008 870212s1987 ohu b s00110 eng
010 |a  87005553  
020 |a 0814204368 
035 |a (OCoLC)15252016 
035 |9 AAA1023AM 
040 |a DLC  |c DLC  |d TXA  |d UtOrBLW 
050 0 0 |a HV8694  |b .S48 1987 
082 0 |a 364.6  |2 19 
100 1 |a Sheleff, Leon Shaskolsky. 
245 1 0 |a Ultimate penalties :  |b capital punishment, life imprisonment, physical torture /  |c Leon Shaskolsky Sheleff. 
264 1 |a Columbus :  |b Ohio State University Press,  |c [1987] 
264 4 |c ©1987 
300 |a xi, 492 pages ;  |c 24 cm. 
336 |a text  |b txt  |2 rdacontent 
337 |a unmediated  |b n  |2 rdamedia 
338 |a volume  |b nc  |2 rdacarrier 
504 |a Bibliography: pages 387-482. 
500 |a Includes indexes. 
650 0 |a Capital punishment. 
650 0 |a Life imprisonment. 
650 0 |a Torture. 
999 |a MARS 
999 f f |s 55477184-920f-3596-a9ed-67d9a7b52837  |i b038ab9d-e888-3df4-94b4-dc2dc1de6e6f  |t 0 
952 f f |p ric  |a Texas A&M University  |b Rellis Campus  |c Joint Library Facility  |d Remote Storage  |t 0  |e HV8694 .S48 1987  |h Library of Congress classification  |i unmediated -- volume  |m A14812614367 
998 f f |a HV8694 .S48 1987  |t 0  |l Remote Storage